1121 1528 1094 1248 1157 1485 1303 1672 1734 1426 1388 1527 1107 1522 1668 1885 1318 1349 1223 1697 1812 1540 1792 1694 1978 1952 1593 1401 1623 1796 1929 1079 1093 1661 1026 1698 1539 1954 1450 1857 1767 1794 1287 1059 1118 1200 1536 1294 1709 1946 1312 1575 1881 1182 1176 1759 1848 1302 1747 1045 1216 1913 1526 1380 1161 1971 1970 1325 1074 1180 1547 1193 1491 1530 1858 1102 1821 1825 1221 1581 1532 1858 1097 1351 1691 1423 1470 1633 1112 1199 1738 1042 1317 1905 1073 1922 1037 1106 1963 BCNSPRNW ULIB Ver.6.0+V

เปลี่ยนเป็นภาษาไทย

Change to English
 แสดงรายละเอียดบรรณานุกรม
  กลับหน้าหลัก

Brief Record : Get Marc (ISO 2709) : E-mail record : QR code < ปิดหน้าต่าง
LEADER : 00000nam 2200000uu 4500
001    13399120844
003     ULIB
008    020711s2551 th a 000 0 tha d
020    9789744518262
050    BQ4570^bธ321ก
100    ธนากิต
245    ใกล้ชิดสนิทธรรม/^cธนากิต
250    พิมพ์ครั้งที่ 1
260    กรุงเทพฯ :^bชมรมเด็ก,^c2551
300    312 หน้า
945    ^p0^l0^i17706
999    ^aทศพร เกษรทอง
รายการนี้ยังไม่มีแท็ก
คุณยังไม่ได้ล็อกอิน คุณสามารถมีกิจกรรมร่วมกับเว็บไซต์ได้ แต่ต้องล็อกอินก่อน ::
  ล็อกอิน

รายการสื่อสารสนเทศ

ลำดับที่ ประเภท เลขเรียก/บาร์โค้ด สถานที่ สถานะ
1. วิทยาศาสตร์การแพทย์ และสุขภาพ
วิทยาศาสตร์การแพทย์ และสุขภาพ
BQ4570 ธ321ก  
  Barcode: 17706
ห้องสมุดวิทยาเขตสวรรค์ประชารักษ์
►หนังสือทั่วไป
บนชั้น

รายการใกล้เคียง
    ผู้แต่ง [ธนากิต]

BibComment


ยังไม่เคยถูกคอมเมนท์

คอมเมนท์ทรัพยากรรายการนี้
  คอมเมนท์: ใกล้ชิดสนิทธรรม ธ..


 Copyright 2026. Bcnsprnw @Library